|
|
|
|
| LEADER |
00936nam a2200253 a 4500 |
| 001 |
c000374781 |
| 003 |
CARM |
| 005 |
00000000000000.0 |
| 008 |
830225s1969 enk b 00110 eng d |
| 019 |
1 |
|
|a 2477626
|5 LACONCORD2021
|
| 020 |
|
|
|a 0435825372
|
| 035 |
|
|
|a (OCoLC)3133858
|5 LACONCORD2021
|
| 040 |
|
|
|d AGDD
|
| 100 |
1 |
|
|a Lipset, Seymour Martin,
|d 1922-
|
| 245 |
1 |
0 |
|a Revolution and counterrevolution :
|b change and persistence in social structures /
|c Seymour Martin Lipset.
|
| 260 |
|
|
|a London :
|b Heinemann,
|c 1969.
|
| 300 |
|
|
|a 466 p. ;
|c 26 cm.
|
| 504 |
|
|
|a Includes bibliographical references and index.
|
| 650 |
|
0 |
|a Revolutions.
|
| 650 |
|
0 |
|a Political sociology.
|
| 852 |
8 |
|
|b CARM
|h A1:AP30G0
|i B07988
|p 0355363
|f BK
|
| 082 |
0 |
4 |
|a 320.01
|
| 999 |
f |
f |
|i f0b00730-fefd-5db1-9cff-ca6eb7be25a8
|s 9296e6f9-ae59-51e2-8daa-cbffd6b16b5c
|
| 952 |
f |
f |
|p Can circulate
|a CAVAL
|b CAVAL
|c CAVAL
|d CARM 1 Store
|e B07988
|f A1:AP30G0
|h Other scheme
|i book
|m 0355363
|